000 nam a22 7a 4500
999 _c45155
_d45155
003 OSt
005 20190403130235.0
008 190403b xxu||||| |||| 00| 0 eng d
040 _csero soft
100 _aJain,S.K
245 _aSamajik Paryavaran Adyan
260 _aJaipur
_bAgarsen
300 _a208
942 _2ddc
_c02